<?xml version="1.0" encoding="UTF-8"?>
<marc:record xmlns:marc="http://www.loc.gov/MARC21/slim">
   <marc:leader>00000nam a2200000 a 4500</marc:leader>
   <marc:datafield ind1="1" ind2=" " tag="100">
      <marc:subfield code="a">Maas, Sarah J.</marc:subfield>
      <marc:subfield code="4">aut</marc:subfield>
      <marc:subfield code="e">Verfasser/-in</marc:subfield>
   </marc:datafield>
   <marc:datafield ind1=" " ind2=" " tag="653">
      <marc:subfield code="a">Krieg</marc:subfield>
   </marc:datafield>
   <marc:datafield ind1=" " ind2=" " tag="653">
      <marc:subfield code="a">König</marc:subfield>
   </marc:datafield>
   <marc:datafield ind1=" " ind2=" " tag="653">
      <marc:subfield code="a">Kampf</marc:subfield>
   </marc:datafield>
   <marc:datafield ind1="0" ind2="0" tag="245">
      <marc:subfield code="a">Das Reich der sieben Höfe - Sterne und Schwerter</marc:subfield>
   </marc:datafield>
   <marc:datafield ind1="0" ind2="0" tag="245">
      <marc:subfield code="b">Roman</marc:subfield>
   </marc:datafield>
   <marc:datafield ind1=" " ind2="1" tag="264">
      <marc:subfield code="b">dtv</marc:subfield>
      <marc:subfield code="c">2020</marc:subfield>
   </marc:datafield>
   <marc:datafield ind1="1" ind2=" " tag="490">
      <marc:subfield code="a">Band 3</marc:subfield>
   </marc:datafield>
   <marc:datafield ind1="1" ind2=" " tag="520">
      <marc:subfield code="a">Feyre hat ihren Seelengefährten gefunden. Trotzdem kehrt sie an den Frühlingshof zurück, um mehr über Tamlins Pläne herauszufinden. Er ist auf einen gefährlichen Handel mit dem König von Hybern eingegangen und der will nur eines – Krieg. Feyre lässt sich damit auf ein gefährliches Doppelspiel ein, denn niemand darf von ihrer Verbindung zu Rhys erfahren. Eine Unachtsamkeit würde den sicheren Untergang nicht nur für Feyre, sondern für ganz Prythian bedeuten. Doch wie lange kann sie ihre Absichten geheim halten, wenn es Wesen gibt, die mühelos in Feyres Gedanken eindringen können?</marc:subfield>
   </marc:datafield>
   <marc:datafield ind1=" " ind2=" " tag="020">
      <marc:subfield code="a">9783423762069</marc:subfield>
      <marc:subfield code="9">9783423762069</marc:subfield>
   </marc:datafield>
</marc:record>
